Antiguo egipto / (Registro nro. 11835)

Detalles MARC
000 -LIDER
fixed length control field 00526nam a2200193 4500
003 - IDENTIFICACDOR DE NÚMERO DE CONTROL
control field DO-SdBNP
005 - DATE AND TIME OF LATEST TRANSACTION
control field 20171214085519.0
008 - ELEMENTOS DE LONGITUD FIJA
fixed length control field 161108b1990 xxu||||| |||| 00| 0 spa d
040 ## - FUENTE DE CATALOGACIÓN
Agencia que crea de manera original el registro BPMSU
Idioma de catalogación spa
Agencia que realiza la transcripción BPMSU
100 ## - ASIENTO PRINCIPAL -- NOMBRE PERSONAL
Nombre personal Millard, Anne
245 ## - MENCIÓN DE TITULO
Título Antiguo egipto /
Subtítulo Anne Millard, ph. D.
250 ## - MENCIÓN DE EDICION
Mención de edición 3 era. ed.
260 ## - PUBLICACIÓN, DISTRIBUCIÓN, ETC. (PIE DE IMPRENTA)
Lugar de publicación, distribución, etc London :
Nombre del editor, distribuidor, etc. Sigmar,
Fecha de publicación, distribución, etc 1990
300 ## - DESCRIPCIÓN FÍSICA
Extensión 44 p. :
Otros detalles físicos il. :
Dimensiones 30 cm
490 ## - MENCIÓN DE SERIES
Mención de serie Grandes civilizaciones
942 ## - ADDED ENTRY ELEMENTS (KOHA)
Source of classification or shelving scheme Dewey Decimal Classification
Koha item type Libros
945 ## - INFORMACIÓN DE PROCESAMIENTO LOCAL
Información de procesamiento local inventariado extranjero / DG
956 ## - LOCAL ELECTRONIC LOCATION AND ACCESS (OCLC)
Nombre de host dgarcia
Número de acceso 10
Existencias
Withdrawn status Lost status Source of classification or shelving scheme Damaged status Not for loan Collection code Home library Current library Date acquired Source of acquisition Total Checkouts Barcode Date last seen Price effective from Koha item type
    Dewey Decimal Classification     Colección General Biblioteca Pública Metropolitana Salomé Ureña Biblioteca Pública Metropolitana Salomé Ureña 11/08/2016 Donado   BPMSU16110165 11/08/2016 11/08/2016 Libros